000
00330nam a22001451a 4500
082
_a
H3
_b
AJN/A
100
_a
Ajneya
245
_a
Apne apne ajnabi/
_c
by Ajneya
260
_a
New Delhi:
_b
Bharatiya Jnanpith,
_c
1998.
300
_a
88p.
650
_a
Novel Hindi
650
_a
Literature Hindi
650
_a
Literature
942
_c
BK
999
_c
2611
_d
2611